| 000 | 00501nam a2200193Ia 4500 | ||
|---|---|---|---|
| 005 | 20240823050818.0 | ||
| 008 | 240823s9999||||xx |||||||||||||| ||und|| | ||
| 020 | _a978-0-19-807715-2 | ||
| 041 | _aENGLISH | ||
| 082 | _A150.195 Q3 | ||
| 100 | _aSudhir Kakar | ||
| 245 | 4 | _aThe Inner World : A Psychoanalytic Study of Childhood and Society in India | |
| 250 | _a4th | ||
| 260 |
_c2013 _bOxford University |
||
| 500 | _aYES | ||
| 650 |
_aInner World _bEnglish |
||
| 942 | _cBK | ||
| 999 |
_c218111 _d218111 |
||